The Sustainable Development Goals - Statistics

General Stats
  • This quiz has been taken 30 times
  • The average score is 8 of 17
Answer Stats
Hint Answer % Correct
1 No Poverty
87%
2 Zero Hunger
73%
15 Life on Land
67%
4 Quality Education
67%
5 Gender Equality
60%
9 Industry, Innovation, and Infrastructure
60%
7 Affordable and Clean Energy
53%
6 Clean Water and Sanitation
53%
16 Peace, Justice, and Institutions
53%
17 Partnerships for the Goals
47%
14 Life Below Water
40%
13 Climate Action
33%
8 Decent Work and Economic Growth
33%
10 Reduced Inequalities
33%
11 Sustainable Cities and Communities
27%
12 Responsible Consumption and Production
13%
3 Good Health and Welbeing
7%
No matching quizzes found
Score Distribution
Percent of People with Each Score
Percentile by Number Answered
Your Score History
You have not taken this quiz